| Tag |
First Indicator |
Second Indicator |
Subfields |
| LEADER |
00000cam a2200000 4500 |
| 001 |
in00000094617 |
| 005 |
20150927110516.0 |
| 008 |
740409s1966 eng u |
| 010 |
|
|
|a 65025724
|
| 035 |
|
|
|a (OCoLC)00852102
|
| 035 |
|
|
|9 AAL6487AM
|
| 040 |
|
|
|c DRB
|d TXA
|d UtOrBLW
|
| 049 |
|
|
|a TXAM
|c [700391]
|
| 050 |
0 |
0 |
|a TR650
|b .S92
|
| 100 |
1 |
|
|a Szarkowski, John.
|
| 245 |
1 |
4 |
|a The photographer's eye.
|
| 264 |
|
2 |
|a New York :
|b Museum of Modern Art; distributed by Doubleday, Garden City, N.Y.,
|c [1966]
|
| 300 |
|
|
|a 155 pages ;
|c 24 cm.
|
| 336 |
|
|
|a text
|b txt
|2 rdacontent
|
| 337 |
|
|
|a unmediated
|b n
|2 rdamedia
|
| 338 |
|
|
|a volume
|b nc
|2 rdacarrier
|
| 650 |
|
0 |
|a Photography, Artistic.
|
| 999 |
|
|
|a MARS
|
| 999 |
f |
f |
|s a81406a1-303b-38bf-95aa-c8ee7c9f3cc0
|i bbd08ab9-5ea0-33fc-a0fb-030ecb9ffd73
|t 0
|
| 952 |
f |
f |
|p normal
|a Texas A&M University
|b College Station
|c Sterling C. Evans Library
|d Evans: Library Stacks
|t 0
|e TR650 .S92
|h Library of Congress classification
|i unmediated -- volume
|m A14805628622
|
| 998 |
f |
f |
|a TR650 .S92
|t 0
|l Evans: Library Stacks
|